00453nam a22001577a 450000500170000000800410001702000270005804000090008504100120009408200150010610000200012124500790014126000410022030000080026165000260026920260424153854.0260424b |||||||| |||| 00| 0 eng d a9798886130508c2795.00 aMAIN aEnglish a512.7bCHE aCherednik, Ivan aCombinatorics Modeling Elementary Number Theory b: from Basic to Advanced aNew Jersey bWorld Scientific c2024 a374 aMathematics (PM USHA)